Wszystkie książki Remigiusza Mroza - Statystyki

Ogólne statystyki
  • Ten quiz został rozwiązany 40 razy
  • Średni wynik to 25 z 66
Statystyki odpowiedzi
Odpowiedź % Poprawnych
1. Kasacja
89%
1. Langer
79%
1. Behawiorysta
68%
2. Paderborn
64%
1. Ekspozycja
61%
1. Listy zza grobu
61%
6. Halny
57%
2. Iluzjonista
57%
1. Nieodnaleziona
57%
6. Oskarżenie
57%
3. Rewizja
57%
5. Inwigilacja
54%
4. Kabalista
54%
8. Kontratyp
54%
2. Przewieszenie
54%
7. Testament
54%
10. Wyrok
54%
2. Zaginięcie
54%
3. Ekstremista
50%
4. Immunitet
50%
2. Nieodgadniona
50%
3. Trawers
50%
1. Wotum nieufności
50%
13. Afekt
43%
9. Berdo
43%
5. Czarna Madonna
43%
6. Hashtag
43%
8. Lot 202
43%
8. Widmo Brockenu
43%
17. Zarzut
43%
3. Władza absolutna
39%
4. Deniwelacja
36%
9. Osiedle RZNiW
36%
5. Zerwa
36%
14. Egzekucja
32%
2. Głosy z zaświatów
32%
2. Nie ufaj mu
32%
11. Operacja Mir
32%
12. Precedens
32%
7. Przepaść
32%
9. Umorzenie
32%
1. Wybaczam ci
32%
2. Inne tonacje ciszy
29%
1. Kadry niedogaszonych wspomnień
29%
15. Skazanie
29%
16. Werdykt
29%
10. Projekt Riese
25%
3. Świt, który nie nadejdzie
25%
3. Szepty spoza nicości
25%
1. Wieża milczenia
25%
12. Z pierwszej piłki
25%
11. Ekstradycja
21%
2. Enklawa
21%
4. Obrazy z przeszłości
21%
1. Połów
21%
2. Większość bezwzględna
21%
1. Chór zapomnianych głosów
18%
2. Echo z otchłani
18%
2. Horyzont zdarzeń
18%
5. Światła w popiołach
18%
2. Turkusowe szale
18%
7. O pisaniu na chłodno
14%
3. Prom
14%
4. W cieniu prawa
14%
1. Prędkość ucieczki
11%
3. Głębia osobliwości
7%
Nie znaleziono quizów pasujących do podanych kryteriów
Rozkład punktacji
Procent ludzi z każdym wynikiem
Percentyl według liczby udzielonych odpowiedzi
Twoja historia wyników
Nie rozwiązałeś tego quizu